000
00277nam a2200097Ia 4500
082
_a
ST 624 FOUR
245
0
_a
Work with technology 2
100
_a
FOURIE,, A.G.W. Pinegowrie, South Africa, 2008 2nd ed
_9
18979
942
_c
BK
008
210816s9999 xx 000 0 und d
999
_c
115661
_d
115660